| 000 | 00972cam a2200313 4500 | ||
|---|---|---|---|
| 001 | B2085 | ||
| 008 | 090401t1988 xxu||||| |||| 00| 0 eng d | ||
| 035 | _a(Sirsi) u47935 | ||
| 041 | _aeng | ||
| 050 | _a333.9164 | ||
| 090 | _aRICS 1988/18A | ||
| 110 |
_aRoyal Institution of Chartered Surveyors _94900 |
||
| 245 | _aMarine resources: commonality and conflict conference at RICS 23 March 1988 | ||
| 260 | _c1988 | ||
| 300 | _a5 papers | ||
| 350 | _a2.5 | ||
| 520 | _aStanding Conference on Marine Resource Management Papers by: Dexter,D. , Keiller,C. , Lennard,D.E. , Shackleton,Lord and South,J. Includes programme, list of delegates and biographies of speakers. | ||
| 650 | _aCHANNEL TUNNEL | ||
| 650 | _aCONFERENCE | ||
| 650 | _aCROWN ESTATE | ||
| 650 | _aGAS | ||
| 650 | _aHYDROGRAPHIC SURVEYING | ||
| 650 | _aMARINE RESOURCES | ||
| 650 | _aNORTH SEA | ||
| 650 | _aOFFSHORE STRUCTURES | ||
| 650 | _aOIL | ||
| 942 | _n0 | ||
| 948 | _c04/03/1997 | ||
| 999 |
_c92251 _d92251 |
||